| 000 | 04244nam a2200445 i 4500 | ||
|---|---|---|---|
| 001 | 194904 | ||
| 003 | ES-GrU | ||
| 005 | 20250825075259.0 | ||
| 007 | ta | ||
| 008 | 240321s2023 sp da r 001 0 mul d | ||
| 017 |
_aBI 00814-2023 _bOficina DL Bilbao |
||
| 020 | _a9788492937974 | ||
| 040 |
_aUGR _erda _bspa _cES-MaACL |
||
| 080 | _a070 | ||
| 080 | _a004 | ||
| 080 | _a316.77:659.3"20" | ||
| 100 |
_aBroseta Dupré, Bruno _9236529 _eaut |
||
| 245 | 0 | 0 |
_aLos medios de comunicación en la era digital / _cBruno Broseta Dupré, Alejandro Escribá Esteve, Guillermo López García, Joaquín Maudos Villarroya, Fernando Pascual Lavilla ; dirigido por Francisco Pérez García |
| 264 | 1 |
_aBilbao : _bFundacion BBVA, _c[2023] |
|
| 264 | 4 | _c© 2023 | |
| 300 |
_a321 páginas : _bgráficos; _c26 cm. |
||
| 336 |
_atexto _btxt _2rdacontent |
||
| 337 |
_asin mediación _bn _2rdamedia |
||
| 338 |
_avolumen _bnc _2rdacarrier |
||
| 504 | _aPáginas 299-308 | ||
| 520 |
_aEsta obra analiza la evolución de los medios de comunicación en España. Contempla aspectos tecnológicos, económicos y sociales de las transformaciones que se han producido, entre las cuales la digitalización emerge como la principal palanca de cambio.El estudio se desarrolla entre los campos de la economía y la comunicación, buscando un equilibrio entre el plano conceptual y el empírico. En lo relativo al impacto de la digitalización, analiza los cambios en los hábitos de la población en su relación con los medios y las formas de acceder a la información y, desde una perspectiva teórica, los aspectos clave en la propuesta de valor y la transformación del modelo de negocio de las empresas de medios. En cuanto a la contribución económica, esta monografía cuantifica el peso del sector en términos de valor añadido y empleo en España y los países de su entorno, y realiza un análisis económico-financiero de sus empresas. Estudia, además, la calidad del empleo en los medios, la inserción laboral de los profesionales y sus determinantes, los cambios en las ocupaciones, así como en los conocimientos y habilidades requeridas, impulsados por las nuevas tecnologías.La investigación revela que la digitalización ha acelerado cambios que se estaban incubando y subraya los muchos rasgos problemáticos de la situación actual. La fragmentación de audiencias y la reducción de ingresos han propiciado un proceso de concentración que, unido a cambios en el comportamiento de usuarios y anunciantes, afectan a la dinámica competitiva del sector. Los medios deben replantearse sus fuentes de ingresos para alcanzar la viabilidad. El trabajo en los medios se encuentra tensionado tras experimentar un importante retroceso, sobre todo, en los medios escritos. Los recursos humanos con mayores competencias se exponen a un menor riesgo de automatización, pero los profesionales deberán adaptar sus conocimientos a las exigencias de un entorno digital y desarrollar sus capacidades de elaborar contenidos rigurosos, en un entorno en el que resulta cada vez más difícil distinguir entre información, opinión y publicidad.Esta monografía se dirige a profesionales de los medios de comunicación, pero también a los interesados en cuestiones económicas y sociales, así como a los ciudadanos preocupados por el papel de los medios en la formación de la opinión pública en las sociedades avanzadas. _2[Texto de la editorial] |
||
| 650 | 7 |
_aMedios de comunicación social _2embne _914961 |
|
| 650 | 7 |
_aMedios digitales _2embne _9236530 |
|
| 700 |
_aPérez García, Francisco _9236525 _ecnd |
||
| 700 |
_aEscribá Esteve, Alejandro _9236533 _eaut |
||
| 700 |
_aLópez García, Guillermo, _d1976- _9236534 _eaut |
||
| 700 |
_aMaudos Villarroya, Joaquín, _d1966- _9236523 _eaut |
||
| 700 |
_aPascual Lavilla, Fernando _9236535 _eaut |
||
| 852 |
_aES-MaACL _cDEPOJ _jN-9919 _xEncuadernación rústica con solapas _hDonación: Editorial _9205840 |
||
| 942 |
_cMONOGRAFIA _n0 |
||
| 999 |
_c194904 _d194904 |
||